Universidades de España - Estadísticas

Estadísticas generales
  • Esta prueba ha sido intentada 290 veces
  • La puntuación promedio es 28 de 91
Estadísticas de respuestas
CC. AA. Municipio Universidad % Correcto
Cataluña Barcelona Universitat de Barcelona
76%
Andalucía Sevilla Universidad de Sevilla
75%
Castilla y León Salamanca Universidad de Salamanca
70%
Andalucía Granada Universidad de Granada
69%
Comunidad Valenciana València Universitat de València
69%
Andalucía Málaga Universidad de Málaga
62%
Andalucía Córdoba Universidad de Córdoba
61%
Murcia Murcia Universidad de Murcia
61%
Andalucía Jaén Universidad de Jaén
58%
Andalucía Cádiz Universidad de Cádiz
57%
Andalucía Huelva Universidad de Huelva
57%
Comunidad de Madrid Móstoles Universidad Rey Juan Carlos
57%
Comunidad de Madrid Madrid Universidad Complutense de Madrid
56%
Aragón Zaragoza Universidad de Zaragoza
56%
Comunidad de Madrid Getafe Universidad Carlos III de Madrid
55%
Andalucía La Cañada de San Urbano Universidad de Almería
55%
Castilla y León Valladolid Universidad de Valladolid
55%
Galicia A Coruña Universidade de Coruña
53%
Galicia Vigo Universidade de Vigo
51%
Castilla y León León Universidad de León
50%
Comunidad Valenciana Sant Vicent del Raspeig Universitat d'Alacant
50%
Comunidad Valenciana València Universitat Politècnica de València
50%
Navarra Pamplona/Iruña Universidad de Navarra
49%
Comunidad de Madrid Alcalá de Henares Universidad de Alcalá
47%
Comunidad de Madrid Madrid Universidad Autónoma de Madrid
46%
Principado de Asturias Oviedo Universidad de Oviedo
46%
Extremadura Badajoz Universidad de Extremadura
45%
Cataluña Girona Universitat de Girona
45%
Castilla y León Burgos Universidad de Burgos
44%
Cataluña Cerdanyola del Vallès Universitat Autònoma de Barcelona
44%
Castilla-La Mancha Ciudad Real Universidad Castilla-La Mancha
43%
Comunidad de Madrid Madrid Universidad Politécnica de Madrid
43%
Cantabria Santander Universidad de Cantabria
41%
Galicia Santiago de Compostela Universidade Santiago de Compostela
41%
Cataluña Lleida Universitat de Lleida
41%
País Vasco Leioa Euskal Herriko Unibertsitatea / Universidad del País Vasco
40%
La Rioja Logroño Universidad de La Rioja
40%
Canarias San Cristóbal de La Laguna Universidad de La Laguna
39%
Cataluña Barcelona Universitat Pompeu Fabra
39%
Murcia Murcia Universidad Católica San Antonio
37%
Canarias Las Palmas de Gran Canaria Universidad de Las Palmas de Gran Canaria
37%
Comunidad de Madrid Villanueva de la Cañada Universidad Alfonso X el Sabio
34%
Andalucía Sevilla Universidad Pablo de Olavide
34%
Cataluña Barcelona Universitat Abat Oliba CEU
33%
Comunidad de Madrid Madrid Universidad Pontificia Comillas
30%
País Vasco Bilbao Deustuko Unibertsitatea / Universidad de Deusto
27%
Comunidad de Madrid Villaviciosa de Odón Universidad Europea de Madrid
27%
Comunidad de Madrid Pozuela de Alaracón Universidad Francisco de Vitoria
26%
Cataluña Barcelona Universitat Politècnica de Catalunya
25%
Cataluña Vic Universitat de Vic-Universitat Central de Catalunya
24%
Islas Baleares Palma Universitat de les Illes Balears
23%
Comunidad de Madrid Hoyo de Manzanares Universidad Antonio de Nebrija
22%
Comunidad de Madrid Madrid Universidad Nacional de Educación a Distancia
22%
Comunidad de Madrid Madrid Universidad CEU San Pablo
21%
Comunidad Valenciana Castelló de la Plana Universitat Jaume I de Castelló
20%
Cataluña Tarragona Universitat Rovira i Virgili
18%
Castilla y León Segovia IE Universidad
17%
Comunidad Valenciana Elx Universidad Miguel Hernández de Elche
16%
Castilla y León Salamanca Universidad Pontificia de Salamanca
15%
Cataluña Barcelona Universitat Oberta de Catalunya
15%
Comunidad de Madrid Villanueva de la Cañada Universidad Camilo José Cela
14%
Comunidad Valenciana València Universidad Católica de Valencia San Vicente Mártir
13%
Castilla y León Ávila Universidad Católica Santa Teresa de Jesús de Ávila
13%
La Rioja Logroño Universidad Internacional de La Rioja
13%
Andalucía Dos Hermanas Universidad Loyola Andalucía
13%
Cataluña Barcelona Universitat Ramon Llull
13%
Comunidad de Madrid Pozuela de Alarcón ESIC Universidad
12%
Murcia Cartagena Universidad Politécnica de Cartagena
12%
Navarra Pamplona/Iruña Universidad Pública de Navarra
11%
Comunidad de Madrid Madrid CUNEF Universidad
9%
País Vasco Arrasate Mondragon Unibertsitatea / Universidad de Mondragón
9%
Comunidad de Madrid Madrid Universidad Internacional de la Empresa
9%
Comunidad de Madrid Madrid Universidad Internacional Villanueva
9%
Cataluña Barcelona Universitat Internacional de Catalunya
9%
Canarias La Orotava Universidad Europea de Canarias
8%
Andalucía La Cartuja Universidad Internacional de Andalucía
8%
Aragón Villanueva de Gállego Universidad San Jorge
8%
Castilla y León Valladolid Universidad Europea Miguel de Cervantes
7%
Castilla y León Burgos Universidad Internacional Isabel I de Castilla
7%
Comunidad Valenciana València Universitat Internacional Valenciana
7%
Comunidad Valenciana Alfara del Patriarca Universidad CEU Cardenal Herrera
6%
Comunidad Valenciana València Universidad Europea de Valencia
6%
Canarias Santa María de Guía Universidad Fernando Pessoa-Canarias
6%
Comunidad de Madrid Madrid Universidad Internacional Menéndez Pelayo
6%
País Vasco Gasteiz European University Gasteiz
5%
Comunidad de Madrid Collado Villalba Universidad a Distancia de Madrid
5%
Canarias Las Palmas de Gran Canaria Universidad de las Hespérides
5%
Canarias Tarifa Baja Universidad del Atlántico Medio
5%
Cantabria Santander Universidad Europea del Atlántico
4%
Galicia Santiago de Compostela Universidad Intercontinental de la Empresa
3%
Comunidad de Madrid Madrid Universidad de Diseño, Innovación y Tecnología
2%
No se encontraron pruebas coincidentes
Distribución de puntuación
Porcentaje de gente con cada puntuación
Porcentaje por número respondido
Historial de tus puntuaciones
No has intentado esta prueba.